Marvels of modern science: history of the discoveries of modern science and how they are applied to shape our lives and direct our futures (Record no. 1664)

000 -LEADER
fixed length control field 00482nam a22001457a 4500
008 - FIXED-LENGTH DATA ELEMENTS--GENERAL INFORMATION
fixed length control field 200128b ||||| |||| 00| 0 eng d
082 00 - DEWEY DECIMAL CLASSIFICATION NUMBER
Classification number 509
Item number M391
110 ## - MAIN ENTRY--CORPORATE NAME
9 (RLIN) 1290
Corporate name or jurisdiction name as entry element Odhams Press Ltd.
245 10 - TITLE STATEMENT
Title Marvels of modern science: history of the discoveries of modern science and how they are applied to shape our lives and direct our futures
260 ## - PUBLICATION, DISTRIBUTION, ETC. (IMPRINT)
Place of publication, distribution, etc London
Name of publisher, distributor, etc Odhams Press Ltd.
Date of publication, distribution, etc 1949
300 ## - PHYSICAL DESCRIPTION
Extent 447p.
365 ## - TRADE PRICE
Unit of pricing 7.01
650 #0 - SUBJECT ADDED ENTRY--TOPICAL TERM
Topical term or geographic name as entry element Science
942 ## - ADDED ENTRY ELEMENTS (KOHA)
Item type Books
Holdings
Withdrawn status Lost status Source of classification or shelving scheme Damaged status Not for loan Permanent location Current location Date acquired Source of acquisition Full call number Barcode Date last seen Koha item type
          IMU Kolkata IMU Kolkata 1953-01-22 Asian publishing house 509 M391 01401 2020-01-28 Books
  Lost       IMU Kolkata IMU Kolkata 1953-01-22 Asian publishing house 509 M391 01402 2020-07-22 Books
Designed and Maintained by IMU-KC Library, Kolkata Campus © Copyright All Rights Reserved

webs counters

Powered by Koha